Optimización. Programación matemática y aplicaciones a la economía.
Na minha lista:
| Autor principal: | |
|---|---|
| Outros Autores: | , |
| Formato: | Desconhecido |
| Idioma: | inglês |
| Publicado em: |
Madrid, España:
Garceta Grupo Editorial
2011
|
| Edição: | 1.ª edición. |
| Assuntos: | |
| Tags: |
Adicionar Tag
Sem tags, seja o primeiro a adicionar uma tag!
|
MARC
| LEADER | 00000 a2200000 4500 | ||
|---|---|---|---|
| 003 | CL-VaPUC | ||
| 005 | 20220107131130.0 | ||
| 008 | 211210b ||||| |||| 00| 0 eng d | ||
| 999 | |c 433706 |d 433704 | ||
| 020 | |a 9788492812202 | ||
| 040 | |c Pontificia Universidad Católica de Valparaíso | ||
| 082 | |a 519.6 BAR 2011 |2 22 | ||
| 100 | |a Barbolla, Rosa |9 442003 |e autora | ||
| 245 | |a Optimización. |b Programación matemática y aplicaciones a la economía. | ||
| 250 | |a 1.ª edición. | ||
| 260 | |a Madrid, España: |b Garceta Grupo Editorial |c 2011 | ||
| 300 | |a 432 páginas | ||
| 583 | |k Cristina María Rojas Aguilar |c 20211210 | ||
| 650 | 0 | |a Optimización matemática |9 259780 | |
| 650 | 0 | |a Programación matemática |9 260785 | |
| 700 | |a Cerdá, Emilio |9 456452 |e autor | ||
| 700 | |a Sanz, Paloma |9 442004 |e autora | ||
| 942 | |2 ddc |c BK | ||
| 952 | |0 0 |1 0 |2 ddc |4 0 |6 519_600000000000000_BAR_2011 |7 0 |8 A |9 579506 |a BIBGIM |b BIBGIM |c GEN |d 2021-12-10 |e 3 |g 27655.00 |i 5628423 |l 1 |o 519.6 BAR 2011 |p 5628423 |r 2025-01-15 |s 2023-04-11 |t 1 |v 27655.00 |w 2021-12-10 |y BK |k EST | ||